00650nam a2200169 a 4500008004100000020001500041050001600056100001700072245003900089246003400128260002800162300002200190350000900212995011000221999001700331952013200348120416s0000 ||||||||||||||||| || u a0435327437 aDT 8847 Ran aRanger, T. O10aRevolt in Southern Rhodesia 1896-7 aa study in African resistance aLondonbHeinemannc1967 axii, 403p. : ill. a0.00 D0.00FCBU-MAIN LIBRARY (Kitwe)H1I12.95M1UAVAILABLEWSep 22, 2006ZMain Library Open Access Collection c56520d56520 00102lcc4070a001b001cMain Library Open Access Collectiond2022-11-30l0oDT 8847 Ranp001703r2022-11-30w2022-11-30y002